LEADER 01389nam a2200337 a 4500 001 000000125261 003 CaOOAMICUS 005 20110511112747.0 008 110511s2001 it u000 u ita r 020 $a88-10-40563-3 040 $aPUL$bita 082 04$a230 100 1 $aPasquale, Gianluigi,$cO.F.M. Cap.,$d1967-$0(OLS)http://pul/name/54223 245 13$aLa teologia della storia della salvezza nel secolo XX /$cGianluigi Pasquale. 260 $aBologna :$bEDB,$cİ2001. 300 $a609 p. ;$c24 cm 490 1 $aNuovi saggi teologici. Series maior 500 $aInclude indice. 504 $aBibliografia: p. 547-591. 650 4$aSalvezza.$0(OLS)http://pul/subject/2067 650 4$aTeologia$zItalia$ySec. XX.$0(OLS)http://pul/subject/27487 830 0$aNuovi saggi teologici.$pSeries maior.$0(OLS)http://pul/title/135271 850 $aPUL 852 $aPUL$W1$xSL Religione 3$y85$m230 COLL 5.2.3$j144237$qDDC 21$B143266$CPULBib$Z2$F143266 $H117155 $82 941 1 $a9 983 0$aCollana Nuovi saggi teologici.$pSeries maior. 996 $6020$a88-10-40563-3$9(OLS)http://pul/number/147119 996 $6082$a230$9(OLS)http://pul/classification/368 996 $6245$aLa teologia della storia della salvezza nel secolo XX$9(OLS)http://pul/title/157929 996 $6260$aBologna :$bEDB$9(OLS)http://pul/publisher/56073 LEADER 01468nam a2200313 a 4500 001 000000122630 003 CaOOAMICUS 005 20100819120239.0 008 100819t2009 it af u100 u ita r 020 $a978-88-89400-41-8 040 $aPUL$bita$dReb 082 04$a726.7 100 1 $aLuciani, Roberto.$0(OLS)http://pul/name/23568 245 13$aIl Complesso Lateranense :$bBasilica, Palazzo apostolico, Scala Santa /$cRoberto Luciani ; presentazione Nicola Ciola ; fotografie Silvia Massotti . 260 $aRoma :$bProspettive,$cİ2009. 300 $a255 p. :$bill. ;$c21 cm 500 $aTesto su 2 colonne. 546 $aBibliografia p. 248-255. 610 24$aSan Giovanni in Laterano (chiesa : Roma).$0(OLS)http://pul/subject/613 610 24$aBasilica di S. Giovanni in Laterano.$0(OLS)http://pul/subject/14855 700 1 $aMassotti, Silvia.$0(OLS)http://pul/name/77018 700 1 $aCiola, Nicola,$csacerdote,$d1952-$0(OLS)http://pul/name/1596 850 $aPUL 852 $aPUL$W1$xSL Cons. Gen., Altre Classi 3$y75$m726. 7 LUCRO 1$j140857$qDDC 21$B139937$CPULBib$Z2$F139937 $H114566 $82 941 1 $a9 996 $6020$a978-88-89400-41-8$9(OLS)http://pul/number/145058 996 $6082$a726.7$9(OLS)http://pul/classification/650 996 $6245$aIl Complesso Lateranense :$bBasilica, Palazzo apostolico, Scala Santa$9(OLS)http://pul/title/154551 996 $6260$aRoma :$bProspettive$9(OLS)http://pul/publisher/80348